Florial Hydrosystems (Record no. 532186)
[ view plain ]
| 000 -LEADER | |
|---|---|
| fixed length control field | 00241nam a22001097a 4500 |
| 040 ## - CATALOGING SOURCE | |
| Transcribing agency | DLC |
| 100 ## - MAIN ENTRY--PERSONAL NAME | |
| Personal name | G.E.Petts |
| 9 (RLIN) | 25527 |
| 245 ## - TITLE STATEMENT | |
| Title | Florial Hydrosystems |
| 260 ## - PUBLICATION, DISTRIBUTION, ETC. | |
| Place of publication, distribution, etc. | London |
| Name of publisher, distributor, etc. | Chapman and Hall |
| Date of publication, distribution, etc. | c1996 |
| 300 ## - PHYSICAL DESCRIPTION | |
| Extent | p;322 |
| 942 ## - ADDED ENTRY ELEMENTS (KOHA) | |
| Source of classification or shelving scheme | |
| Koha item type | Book |
| Withdrawn status | Lost status | Source of classification or shelving scheme | Damaged status | Not for loan | Permanent Location | Current Location | Date acquired | Total Checkouts | Barcode | Date last seen | Price effective from | Koha item type |
|---|---|---|---|---|---|---|---|---|---|---|---|---|
| School of Civil and Environmental Engineering (SCEE) | School of Civil and Environmental Engineering (SCEE) | 11/12/2019 | NIT-12099 | 11/12/2019 | 11/12/2019 | Book |
